00725nam a2200205Ia 4500008004100000020001500041082001700056100001500073245003600088250000600124260002500130300001500155500002400170650001000194942000700204952009700211952009700308952009700405999001700502230524s9999 xx 000 0 und d a8123901216 a624.151bSIN aAlam Singh 0aModern Geotechnical Engineering a3 aNew DelhibCBSc2014 a"xv,846p;" aQuantity Number: 3 aCivil cBK 00104070aTATCLbTATCLcGENd2023-05-24l0o624.151 SINp52917r2023-05-24w2023-05-24yBK 00104070aTATCLbTATCLcGENd2023-05-24l0o624.151 SINp52918r2023-05-24w2023-05-24yBK 00104070aTATCLbTATCLcGENd2023-05-24l0o624.151 SINp52985r2023-05-24w2023-05-24yBK c55339d55339